| 000 | 00390cam a2200157ua 4500 | ||
|---|---|---|---|
| 003 | OSt | ||
| 008 | 241218b |||||||| |||| 00| 0 eng d | ||
| 041 | _aeng | ||
| 082 |
_a621.31 _bTAY/UT |
||
| 100 |
_aTaylor, E. Openshaw . _96500 |
||
| 245 | _aUtilization of electric energy / | ||
| 250 | _a1 / | ||
| 260 |
_a : _bEnglish Universities Press , _c1961. |
||
| 300 | _a369 ; . | ||
| 942 | _cBK | ||
| 999 |
_c1952 _d1952 |
||